Concretos y morteros:manejo y colocación en obra/Diego Sánchez de Guzmán (Registro nro. 18809)

Detalles MARC
000 -LEADER
fixed length control field 00508nam a22001931a 4500
001 - CONTROL NUMBER
control field 18809
003 - CONTROL NUMBER IDENTIFIER
control field OSt
005 - DATE AND TIME OF LATEST TRANSACTION
control field 20260204212422.0
008 - FIXED-LENGTH DATA ELEMENTS--GENERAL INFORMATION
fixed length control field 180904s2006||||ck ||||||b||||||||||spa||
020 ## - NUMERO DE LIBRO INTERNACIONAL NORMALIZADO
International Standard Book Number 9589670938
082 ## - DEWEY DECIMAL CLASSIFICATION NUMBER
Classification number 624.18341 SA194c
100 ## - ASIENTO PRINCIPAL -- NOMBRE PERSONAL
Personal name Sánchez de Guzmán,Diego
245 ## - TÍTULO PROPIAMENTE DICHO: SUBTÍTULO
Title Concretos y morteros:manejo y colocación en obra/Diego Sánchez de Guzmán
250 ## - MENCIÓN DE EDICIÓN
Edition statement 6
264 ## - PRODUCTION, PUBLICATION, DISTRIBUTION, MANUFACTURE, AND COPYRIGHT NOTICE
Place of production, publication, distribution, manufacture Bogotá: Asocreto
300 ## - PHYSICAL DESCRIPTION
Extensión 174 p.
650 ## - ASIENTO SECUNDARIO DE MATERIA -- TERMINO TEMÁTICO
Termino Temático Como Elemento de Entrada Hormigón 2.ConstrucciónÌ
942 ## - ADDED ENTRY ELEMENTS (KOHA)
Source of classification or shelving scheme Dewey Decimal Classification
Koha item type Libros
Existencias
Withdrawn status Lost status Source of classification or shelving scheme Damaged status Not for loan Current library Date acquired Total Checkouts Full call number Barcode Date last seen Price effective from Koha item type
    Dewey Decimal Classification     Biblioteca UTECO 09/09/2019   624.18341 SA194C 018403 09/09/2019 09/09/2019 Libros
© 2021 Derechos Reservados UTECO - Teléfono: +1 809-585-2291 - Correo electrónico: biblioteca@uteco.edu.do​  
Código postal 43000 ​​
Dirección: Avenida Universitaria No. 100, 
Cotuí, Provincia Sánchez Ramírez, República Dominicana - RNC: 404-00059-6